Patterns in arts : (Record no. 29260)
[ view plain ]
| 000 -LEADER | |
|---|---|
| fixed length control field | 02389cam a22003618i 4500 |
| 001 - CONTROL NUMBER | |
| control field | 21106892 |
| 003 - CONTROL NUMBER IDENTIFIER | |
| control field | EG-ScBUE |
| 005 - DATE AND TIME OF LATEST TRANSACTION | |
| control field | 20210727112443.0 |
| 008 - FIXED-LENGTH DATA ELEMENTS--GENERAL INFORMATION | |
| fixed length control field | 190729t2019 nyua f b 001 0 eng d |
| 020 ## - INTERNATIONAL STANDARD BOOK NUMBER | |
| International Standard Book Number | 9780789213402 |
| 040 ## - CATALOGING SOURCE | |
| Original cataloging agency | DLC |
| Language of cataloging | eng |
| Description conventions | rda |
| Transcribing agency | DLC |
| Modifying agency | EG-ScBUE |
| 082 04 - DEWEY DECIMAL CLASSIFICATION NUMBER | |
| Classification number | 745.4 |
| Item number | LEO |
| Edition number | 22 |
| 100 1# - MAIN ENTRY--PERSONAL NAME | |
| Personal name | Leoneschi, Francesca, |
| Relator term | compiler. |
| 245 10 - TITLE STATEMENT | |
| Title | Patterns in arts : |
| Remainder of title | a closer look at the old masters / |
| Statement of responsibility, etc | Francesca Leoneschi ; with illustrations by Giovanna Ferraris ; text by Silvia Lazzaris. |
| 250 ## - EDITION STATEMENT | |
| Edition statement | English language edition. |
| 264 #1 - PUBLICATION, DISTRIBUTION, ETC. (IMPRINT) | |
| Place of publication, distribution, etc | New York ; |
| -- | London : |
| Name of publisher, distributor, etc | Abbeville Press Publishers, |
| Date of publication, distribution, etc | [2019] |
| 264 #4 - PUBLICATION, DISTRIBUTION, ETC. (IMPRINT) | |
| Date of publication, distribution, etc | c2019 |
| 300 ## - PHYSICAL DESCRIPTION | |
| Extent | 173 pages : |
| Other physical details | color illustrations ; |
| Dimensions | 28 cm |
| 336 ## - CONTENT TYPE | |
| Content type term | text |
| Content type code | txt |
| Source | rdacontent |
| 337 ## - MEDIA TYPE | |
| Media type term | unmediated |
| Media type code | n |
| Source | rdamedia |
| 338 ## - CARRIER TYPE | |
| Carrier type term | volume |
| Carrier type code | nc |
| Source | rdacarrier |
| 504 ## - BIBLIOGRAPHY, ETC. NOTE | |
| Bibliography, etc | Includes bibliographical references and index. |
| 520 ## - SUMMARY, ETC. | |
| Summary, etc | "A visual delight, and a designer's dream-the decorative details of great European paintings transformed into beautiful two-dimensional patterns Richly embroidered robes. Intricate lace collars. Elaborately laid floor tiles. Delicately carved and modeled cornices and capitals. These are among the details of decorative art that the Old Masters lovingly rendered in their paintings, to establish a setting, convey a portrait subject's social status, or sometimes just enliven a scene. Together these details-so easy to overlook in the imposing harmony of draftsmanship, color, and composition that makes up a great painting-form a veritable history of ornament. This inventive book plucks these decorative motifs from the background of paintings by masters like Rubens, Memling, and Filippo Lippi, and transforms them into vibrant two-dimensional patterns. Seeing these patterns side-byside with the original paintings deepens our appreciation of both. Pattern in Painting will be a resource for graphic designers, and a revelation for all art lovers"-- |
| Assigning source | Provided by publisher. |
| 650 #7 - SUBJECT ADDED ENTRY--TOPICAL TERM | |
| Topical term or geographic name as entry element | Decoration and ornament |
| General subdivision | Themes, motives. |
| Source of heading or term | BUEsh |
| 653 ## - INDEX TERM--UNCONTROLLED | |
| Resource For college | Generalities |
| Arrived date list | July2021 |
| 655 ## - INDEX TERM--GENRE/FORM | |
| Form subdivision | Reading book |
| 9 (RLIN) | 34232 |
| 700 1# - ADDED ENTRY--PERSONAL NAME | |
| Personal name | Ferraris, Giovanna, |
| Relator term | illustrator. |
| 9 (RLIN) | 4899 |
| 700 1# - ADDED ENTRY--PERSONAL NAME | |
| Personal name | Lazzaris, Silvia, |
| Relator term | writer of added text. |
| 906 ## - LOCAL DATA ELEMENT F, LDF (RLIN) | |
| a | 7 |
| b | cbc |
| c | orignew |
| d | 1 |
| e | ecip |
| f | 20 |
| g | y-gencatlg |
| 942 ## - ADDED ENTRY ELEMENTS (KOHA) | |
| Source of classification or shelving scheme | Dewey Decimal Classification |
| Koha item type | Book - Borrowing |
| Withdrawn status | Lost status | Source of classification or shelving scheme | Damaged status | Not for loan | Collection code | Home library | Current library | Shelving location | Date acquired | Source of acquisition | Cost, normal purchase price | Total Checkouts | Total Renewals | Full call number | Barcode | Date last seen | Date checked out | Cost, replacement price | Price effective from | Koha item type |
|---|---|---|---|---|---|---|---|---|---|---|---|---|---|---|---|---|---|---|---|---|
| Dewey Decimal Classification | Alahram | Central Library | Central Library | Second Floor | 27/07/2021 | Purchase | 499.00 | 6 | 24 | 745.4 LEO | 000050427 | 04/03/2026 | 08/10/2025 | 623.75 | 27/07/2021 | Book - Borrowing |